Management Information and Control Systems (Record no. 161)

MARC details
000 -LEADER
fixed length control field 00297nam a2200121Ia 4500
008 - FIXED-LENGTH DATA ELEMENTS--GENERAL INFORMATION
fixed length control field 191201s2005 xx 000 0 und d
100 ## - MAIN ENTRY--PERSONAL NAME
Personal name MADAN,Sushila
245 #0 - TITLE STATEMENT
Title Management Information and Control Systems
260 ## - PUBLICATION, DISTRIBUTION, ETC. (IMPRINT)
Place of publication, distribution, etc N. Delhi
Name of publisher, distributor, etc Taxmann
Date of publication, distribution, etc 2005
300 ## - PHYSICAL DESCRIPTION
Extent 716
650 ## - SUBJECT ADDED ENTRY--TOPICAL TERM
Topical term or geographic name as entry element MBA
942 ## - ADDED ENTRY ELEMENTS (KOHA)
Source of classification or shelving scheme Dewey Decimal Classification
Koha item type Text Books
Holdings
Withdrawn status Lost status Source of classification or shelving scheme Damaged status Not for loan Collection code Home library Current library Date acquired Source of acquisition Bill Number Total Checkouts Full call number Acc. no. / Barcode Date last seen Bill Date Koha item type Public note
    Dewey Decimal Classification     MBA PIET C-LIBRARY PIET C-LIBRARY 27/09/2014 Donated by Priyanka Sahgal Donated by Priyanka Sahgal   658.4038 MAM 24934 04/12/2019 16/08/2014 Text Books Donated by Priyanka Sahgal
    Dewey Decimal Classification     MBA PIET C-LIBRARY PIET C-LIBRARY 27/09/2014 Donated by Priyanka Sahgal Donated by Priyanka Sahgal   658.4038 MAM 24952 04/12/2019 16/08/2014 Text Books Donated by Priyanka Sahgal

Design & Developed by: PIET Central Library
R70 Miles Stone Pattikalyana Samalkha Panipat 132102
mail ID :- [email protected], Phone No:- 0180-2569700 Ex.216